00378nam a2200097Ia 4500008004100000100002000041245005600061260006400117650001500181856008400196160712s9999 xx 000 0 und d aAbad, Gemino H. cGemino H. AbadaOn the Poet’s Craft or Sullen Art c2015bJournal of English Studies and Comparative Literature xLITERATURE uhttp://journals.upd.edu.ph/index.php/jescl/issue/view/Special%20Edition/showToc